[Event "Hamburger Einzelturniere 2005"]
[Site "Hamburg"]
[Date "2005.08.28"]
[Round "5.13"]
[White "Diz Suarez, Carlos"]
[Black "Becker-Bertau, Friedrich"]
[Result "0-1"]
[WhiteElo "1659"]
[BlackElo "1859"]
[PlyCount "46"]
[EventDate "2005.??.??"]

1. e4 d6 2. d4 g6 3. Nc3 Bg7 4. Nf3 Nd7 5. Be2 e5 6. Be3 Ngf6 7. h3 c6 8. a4
O-O 9. dxe5 dxe5 10. O-O Qc7 11. Bc4 Nh5 12. Qd2 Nf4 13. Ne2 Nb6 14. Bb3 Rd8
15. Qe1 Be6 16. Bxe6 Nxe6 17. b3 Rd6 18. a5 Nd7 19. Qb4 c5 20. Qa4 Nd4 21.
Nexd4 cxd4 22. Bc1 Qxc2 23. Ba3 Rc6 0-1

[Event "Hamburger Einzelturniere 2005"]
[Site "Hamburg"]
[Date "2005.08.28"]
[Round "5.14"]
[White "Cassens, Erhard Otto"]
[Black "Olschok, Juergen"]
[Result "1/2-1/2"]
[WhiteElo "1777"]
[BlackElo "1660"]
[PlyCount "114"]
[EventDate "2005.??.??"]

1. f4 e5 2. fxe5 d6 3. Nf3 dxe5 4. Nc3 Bc5 5. Ne4 Bb6 6. d3 f5 7. Bg5 Ne7 8.
Ned2 h6 9. Bxe7 Qxe7 10. Nc4 Nc6 11. g3 Be6 12. Nxb6 axb6 13. Bg2 O-O-O 14. Nh4
Qc5 15. Bxc6 bxc6 16. Qd2 g5 17. Ng2 Bd5 18. b4 Qd6 19. O-O Bxg2 20. Kxg2 Qd5+
21. Kg1 e4 22. Rad1 Rhf8 23. a4 f4 24. gxf4 gxf4 25. c4 Qd4+ 26. Kh1 e3 27. Qe1
Qf6 28. Rf3 Rg8 29. Qf1 Rdf8 30. Qh3+ Kd8 31. Rg1 Rxg1+ 32. Kxg1 Rg8+ 33. Kh1
Qg5 34. Rf1 Ke7 35. Qf3 Qg6 36. a5 bxa5 37. bxa5 Kd7 38. Qh3+ Kd6 39. a6 Kc5
40. Ra1 Qg7 41. Qf1 Qc3 42. Qe1 Qxe1+ 43. Rxe1 f3 44. a7 fxe2 45. Rxe2 Kd4 46.
Ra2 Ra8 47. Kg2 Kxd3 48. Kf1 c5 49. Ra3+ Kxc4 50. Ke2 Kd4 51. Rd3+ Kc4 52. Ra3
Kb5 53. Kxe3 Kb6 54. Rb3+ Kc6 55. Ra3 Kd5 56. Kd3 c4+ 57. Kc3 Kc5 1/2-1/2

[Event "Hamburger Einzelturniere 2005"]
[Site "Hamburg"]
[Date "2005.08.28"]
[Round "5.15"]
[White "Hauser, Christow"]
[Black "Lochmann, Viktor"]
[Result "0-1"]
[WhiteElo "1592"]
[BlackElo "1773"]
[PlyCount "78"]
[EventDate "2005.??.??"]

1. Nf3 Nf6 2. b3 g6 3. Bb2 Bg7 4. e3 O-O 5. h3 d6 6. c4 c5 7. Be2 Nc6 8. a3 a6
9. Nc3 Bf5 10. O-O Ne4 11. Rc1 Qa5 12. g4 Bd7 13. d4 f5 14. Nxe4 fxe4 15. Nh4
Bf6 16. Ng2 h5 17. Nf4 cxd4 18. b4 Qg5 19. Qb3 dxe3 20. fxe3 hxg4 21. c5+ Kh7
22. Bxf6 Rxf6 23. hxg4 Bxg4 24. Bxg4 Ne5 25. Rc2 Qxg4+ 26. Rg2 Nf3+ 27. Rxf3
Qxf3 28. Rh2+ Kg7 29. Nh5+ gxh5 30. Rg2+ Rg6 31. Rxg6+ Kxg6 32. cxd6 Qg3+ 33.
Kh1 Qxd6 34. b5 Rc8 35. Qb2 Qd1+ 36. Kg2 Rc2+ 37. Qxc2 Qxc2+ 38. Kh1 h4 39. a4
h3 0-1

[Event "Hamburger Einzelturniere 2005"]
[Site "Hamburg"]
[Date "2005.08.28"]
[Round "5.17"]
[White "Ristic, Sreten"]
[Black "Müller, Hartmut Dieter"]
[Result "1-0"]
[WhiteElo "1942"]
[BlackElo "1481"]
[PlyCount "119"]
[EventDate "2005.??.??"]

1. e4 c5 2. Nf3 d6 3. Bc4 e6 4. b3 Nc6 5. Nc3 Qc7 6. Bb2 a6 7. a4 Na5 8. Qe2
Be7 9. O-O Nxc4 10. Qxc4 Nf6 11. d4 d5 12. exd5 O-O 13. dxe6 Bxe6 14. d5 Bd7
15. h3 Bd6 16. a5 Rfe8 17. Nd1 Bb5 18. Qh4 Re4 19. Qg5 Be7 20. c4 h6 21. Qd2
Bd7 22. Ne3 Nh7 23. Qd3 f5 24. Rfd1 Bd6 25. Bc3 Rae8 26. Rd2 Ng5 27. Nxg5 hxg5
28. Rb2 f4 29. Nf1 g4 30. hxg4 Qd8 31. f3 R4e7 32. Qg6 Be5 33. Bxe5 Rxe5 34. b4
Rg5 35. Qd6 Rf8 36. bxc5 Rf6 37. Rb6 Rxd6 38. Rxd6 Qe7 39. Kh1 Kf7 40. Rb1 Rg6
41. Rxg6 Kxg6 42. Rb6+ Kf7 43. Nd2 Qxc5 44. Ne4 Qxa5 45. Rxb7 Qd8 46. Kg1 Kg6
47. c5 Bb5 48. Rb6+ Kh7 49. Rb7 Qh4 50. Nf2 Be2 51. d6 Qg3 52. Rb3 Bb5 53. Rxb5
axb5 54. c6 Qh4 55. c7 Qf6 56. c8=Q Qa1+ 57. Kh2 Qe1 58. Qc2+ Kh6 59. d7 Qe7
60. Qd2 1-0

[Event "Hamburger Einzelturniere 2005"]
[Site "Hamburg"]
[Date "2005.08.28"]
[Round "5.20"]
[White "Opasiak, Dustin Tennessee"]
[Black "Jachinski, Ronald"]
[Result "1-0"]
[WhiteElo "1541"]
[BlackElo "1456"]
[PlyCount "120"]
[EventDate "2005.??.??"]

1. e4 c5 2. Nf3 Nc6 3. d3 e5 4. g3 d6 5. Bg2 Nf6 6. O-O Be7 7. Nbd2 Be6 8. c3
O-O 9. Qc2 b5 10. Ng5 Bd7 11. c4 Nd4 12. Qd1 b4 13. b3 h6 14. Ngf3 Ne6 15. Re1
a5 16. Nf1 a4 17. Bd2 axb3 18. axb3 Qc7 19. Ne3 Nd4 20. Nxd4 exd4 21. Nd5 Nxd5
22. exd5 Bf5 23. Be4 Bxe4 24. Rxe4 Bf6 25. Kg2 Qb7 26. Bf4 Rxa1 27. Qxa1 Ra8
28. Qd1 Qd7 29. h3 g5 30. Bd2 Qf5 31. f4 Kg7 32. fxg5 hxg5 33. h4 Rh8 34. g4
Qg6 35. h5 Qh7 36. Qa1 Qg8 37. Qa6 Qd8 38. Qc6 Be5 39. Bc1 Qe7 40. Kf3 Qf6+ 41.
Kg2 Qe7 42. Kf3 f5 43. gxf5 Rxh5 44. Rg4 Bf6 45. Qc8 Rh2 46. Qe6 Rh5 47. Bf4
Qxe6 48. fxe6 Be7 49. Rg1 Kf6 50. Bg3 Kf5 51. Rf1 Kg6 52. Kg4 Rh7 53. Ra1 Kf6
54. Ra6 Rh8 55. Bxd6 Bxd6 56. Rxd6 Rh4+ 57. Kg3 Rh1 58. Rd7 Re1 59. Rf7+ Kg6
60. Kf2 Rb1 1-0

[Event "Hamburger Einzelturniere 2005"]
[Site "Hamburg"]
[Date "2005.09.03"]
[Round "6.1"]
[White "Schäfer, Jakob"]
[Black "Reddmann, Hauke"]
[Result "0-1"]
[WhiteElo "2033"]
[BlackElo "2336"]
[PlyCount "120"]
[EventDate "2005.??.??"]

1. e4 c5 2. Nf3 d6 3. d4 cxd4 4. Nxd4 Nf6 5. Nc3 a6 6. f4 Nbd7 7. Bd3 e6 8. Qe2
Qc7 9. a4 Be7 10. Nf3 Nc5 11. Bc4 O-O 12. e5 Ne8 13. O-O Bd7 14. f5 d5 15. Bd3
Nxd3 16. Qxd3 d4 17. f6 gxf6 18. exf6 Bxf6 19. Nxd4 Bg7 20. Rf3 f5 21. Rg3 e5
22. Nf3 Be6 23. Qe2 Kh8 24. Ng5 Bg8 25. Bd2 Qb6+ 26. Kh1 Qxb2 27. Rb1 Qxc2 28.
Rxb7 Rd8 29. Nf3 e4 30. Rgxg7 Nxg7 31. Bh6 Qxc3 32. Bxg7+ Qxg7 33. Rxg7 Kxg7
34. Ne1 Rf6 35. Kg1 Bf7 36. g4 fxg4 37. Qxe4 Re8 38. Qb4 h5 39. Nd3 Bg6 40. Qd4
Re4 41. Qd8 h4 42. Qc7+ Rf7 43. Qc3+ Kh7 44. Qa5 Rd4 45. Nf2 Rdf4 46. Qg5 h3
47. Qh4+ Kg7 48. Nxh3 gxh3 49. Qxh3 Rxa4 50. Qc3+ Rf6 51. Kg2 Rg4+ 52. Kh3 Rg5
53. Kh4 Rd5 54. h3 a5 55. Qc7+ Bf7 56. Qg3+ Kh7 57. Qc7 a4 58. Qc2+ Rg6 59. Qf5
Rd4+ 60. Kh5 Rf4 0-1

[Event "Hamburger Einzelturniere 2005"]
[Site "Hamburg"]
[Date "2005.09.03"]
[Round "6.2"]
[White "Homm, Marc-Michael"]
[Black "Sternberg, Lew"]
[Result "0-1"]
[WhiteElo "2055"]
[BlackElo "1909"]
[PlyCount "62"]
[EventDate "2005.??.??"]

1. d4 d6 2. c4 g6 3. g3 Bg7 4. Nf3 f5 5. Nc3 Nc6 6. d5 Ne5 7. Nxe5 dxe5 8. e4
Nf6 9. Bg2 fxe4 10. Nxe4 Nxe4 11. Bxe4 Bh3 12. g4 O-O 13. Rg1 Qd6 14. Qb3 Qf6
15. f3 Qh4+ 16. Rg3 Rf4 17. Kd2 Bxg4 18. Rxg4 Rxg4 19. fxg4 Qf2+ 20. Kd1 Qf1+
21. Kc2 Qe2+ 22. Bd2 Qxe4+ 23. Qd3 Qxg4 24. Re1 Rf8 25. Re2 Rf1 26. Bb4 Bf6 27.
Kb3 Rf3 28. Re3 e4 29. Qe2 Qh3 30. Bc5 b6 31. Rxf3 exf3 0-1

[Event "Hamburger Einzelturniere 2005"]
[Site "Hamburg"]
[Date "2005.09.03"]
[Round "6.3"]
[White "Meier, David-Geffrey"]
[Black "Schulz, Hans-Juergen"]
[Result "1-0"]
[WhiteElo "2202"]
[BlackElo "2034"]
[PlyCount "73"]
[EventDate "2005.??.??"]

1. d4 d5 2. c4 e6 3. Nc3 c5 4. cxd5 cxd4 5. Qa4+ Bd7 6. Qxd4 exd5 7. Qxd5 Nc6
8. Nf3 Nf6 9. Qd1 Bc5 10. e3 O-O 11. Be2 Qe7 12. a3 a5 13. O-O Rad8 14. Qc2
Rfe8 15. Bd2 Bg4 16. Rad1 Bh5 17. Bc1 Bd6 18. Nb5 Bb8 19. Rxd8 Rxd8 20. Rd1
Rxd1+ 21. Qxd1 Bxf3 22. gxf3 h6 23. f4 g5 24. Bf3 gxf4 25. exf4 h5 26. Be3 h4
27. Nd4 Nxd4 28. Qxd4 h3 29. Kf1 Bd6 30. Qc3 b6 31. Qc8+ Kg7 32. Qxh3 Qc7 33.
Qh4 Qc4+ 34. Kg2 Ne8 35. Qg5+ Kf8 36. Bd5 Qc7 37. Qh4 1-0

[Event "Hamburger Einzelturniere 2005"]
[Site "Hamburg"]
[Date "2005.09.03"]
[Round "6.4"]
[White "Sellack, Helmut"]
[Black "Möhrmann, Marcus"]
[Result "1/2-1/2"]
[WhiteElo "1970"]
[BlackElo "2126"]
[PlyCount "108"]
[EventDate "2005.??.??"]

1. e4 e5 2. Nf3 Nc6 3. Nc3 Nf6 4. d4 exd4 5. Nxd4 Bb4 6. Nxc6 bxc6 7. e5 Qe7 8.
Qe2 Nd5 9. Bd2 O-O 10. Nxd5 cxd5 11. Bxb4 Qxb4+ 12. c3 Qa4 13. b3 Qa5 14. b4
Qa3 15. Qd2 Re8 16. f4 a5 17. Rb1 axb4 18. Rxb4 Qxa2 19. Rb2 Qa7 20. Bd3 Ba6
21. Bxa6 Qxa6 22. Kf2 Qa7+ 23. Kg3 Qc5 24. Rhb1 Ra3 25. Rb3 c6 26. Rxa3 Qxa3
27. Rb7 d6 28. Qd4 Qa8 29. Qb6 dxe5 30. fxe5 Qc8 31. Qc7 Qe6 32. Qd6 f6 33.
Qxe6+ Rxe6 34. exf6 Rxf6 35. Rc7 h6 36. h4 h5 37. Kh3 Kh7 38. Kg3 Kh6 39. Rc8
Kg6 40. Rc7 Kh6 41. Rc8 g6 42. Rc7 g5 43. hxg5+ Kxg5 44. Rc8 Re6 45. Kf3 Kh4
46. Rg8 c5 47. g3+ Kh3 48. Rg5 Rf6+ 49. Ke3 Re6+ 50. Kf3 h4 51. gxh4 Kxh4 52.
Rg8 Rf6+ 53. Ke3 Rf5 54. Rd8 c4 1/2-1/2

[Event "Hamburger Einzelturniere 2005"]
[Site "Hamburg"]
[Date "2005.09.03"]
[Round "6.5"]
[White "Schroeder, Gerhard"]
[Black "Weithart, Michael"]
[Result "0-1"]
[WhiteElo "2040"]
[BlackElo "1912"]
[PlyCount "66"]
[EventDate "2005.??.??"]

1. d4 Nf6 2. c4 e6 3. Nf3 d5 4. Nc3 c6 5. Bg5 dxc4 6. e4 b5 7. e5 h6 8. Bh4 g5
9. Nxg5 hxg5 10. Bxg5 Be7 11. exf6 Bxf6 12. Bxf6 Qxf6 13. a4 b4 14. Ne4 Qf4 15.
Qf3 Qxf3 16. gxf3 Ba6 17. Nd6+ Ke7 18. Nxc4 Nd7 19. h4 Rad8 20. Na5 Bxf1 21.
Nxc6+ Kf6 22. Nxd8 Bg2 23. Rh2 Bxf3 24. Rc1 Rxd8 25. Rc7 Nb6 26. Rh3 Bg4 27.
Rd3 Nxa4 28. b3 Nc3 29. Rxa7 Rh8 30. Rb7 Nd5 31. f3 Bf5 32. Rd2 Rxh4 33. Rf2
Rxd4 0-1

[Event "Hamburger Einzelturniere 2005"]
[Site "Hamburg"]
[Date "2005.09.03"]
[Round "6.6"]
[White "Fraas, Henning"]
[Black "Szudra, Heinz-Werner"]
[Result "1/2-1/2"]
[WhiteElo "2125"]
[BlackElo "2016"]
[PlyCount "91"]
[EventDate "2005.??.??"]

1. d4 Nf6 2. Bg5 Ne4 3. Bf4 c5 4. d5 g6 5. f3 Nf6 6. e4 Bg7 7. Qc1 d6 8. c4 b5
9. cxb5 a6 10. Nc3 O-O 11. a4 e6 12. Bc4 exd5 13. Nxd5 Bb7 14. Bg5 Qa5+ 15. Qc3
axb5 16. Qxa5 Rxa5 17. Nxf6+ Bxf6 18. Bxf6 bxc4 19. Be7 Re8 20. Bxd6 Nc6 21.
Nh3 Nd4 22. Kf2 Nb3 23. Bc7 Ra7 24. Bb6 Ra6 25. a5 Nxa1 26. Rxa1 Raa8 27. Rc1
f5 28. exf5 gxf5 29. Nf4 Ba6 30. Nd5 Rac8 31. Nf6+ Kf7 32. Nxe8 Kxe8 33. Re1+
Kd7 34. Re5 Rf8 35. Bxc5 Rf7 36. Ke3 Rg7 37. g3 Rf7 38. Rd5+ Kc6 39. Kd4 f4 40.
Rd6+ Kb5 41. g4 Kxa5 42. g5 Rb7 43. Ba3 Rb3 44. Rd5+ Ka4 45. Rd6 Ka5 46. Rd5+
1/2-1/2

[Event "Hamburger Einzelturniere 2005"]
[Site "Hamburg"]
[Date "2005.09.03"]
[Round "6.7"]
[White "Weiss, Siegfried"]
[Black "Urban, Ralf-Dieter"]
[Result "1-0"]
[WhiteElo "2118"]
[BlackElo "1993"]
[PlyCount "53"]
[EventDate "2005.??.??"]

1. b3 c5 2. Bb2 Nc6 3. f4 d5 4. e3 Nf6 5. Bb5 Qb6 6. Qe2 a6 7. Bxc6+ Qxc6 8.
Nf3 Bf5 9. d3 e6 10. Nbd2 Be7 11. Ne5 Qc7 12. g4 Bg6 13. h4 h6 14. h5 Bh7 15.
g5 hxg5 16. fxg5 Nd7 17. Nxd7 Kxd7 18. Nf3 Bxg5 19. Nxg5 Qg3+ 20. Kd2 Qxg5 21.
Rhg1 Qh4 22. Rxg7 e5 23. Rf1 Bg8 24. Qf3 e4 25. Qf5+ Kc6 26. Rg5 Rh6 27. Qxd5+
1-0

[Event "Hamburger Einzelturniere 2005"]
[Site "Hamburg"]
[Date "2005.09.03"]
[Round "6.8"]
[White "Becker-Bertau, Friedrich"]
[Black "Schütt, Wilhelm"]
[Result "1/2-1/2"]
[WhiteElo "1859"]
[BlackElo "2102"]
[PlyCount "62"]
[EventDate "2005.??.??"]

1. Nf3 g6 2. c4 Bg7 3. Nc3 c5 4. g3 Nc6 5. Bg2 e6 6. e4 Nge7 7. O-O O-O 8. d3
d5 9. exd5 exd5 10. Bg5 f6 11. cxd5 Nb4 12. Be3 b6 13. d4 c4 14. Nd2 Bf5 15. d6
Nec6 16. Nxc4 Bd3 17. Qb3 Kh8 18. Nb5 Bxf1 19. Rxf1 Rc8 20. Nxa7 Nxa7 21. Qxb4
Rb8 22. d5 Nc8 23. a4 Rf7 24. a5 b5 25. Nb6 Nxd6 26. Bf4 Bf8 27. Bxd6 Bxd6 28.
Qxb5 Bc7 29. Re1 Bxb6 30. axb6 Rfb7 31. Re6 Rxb6 1/2-1/2

[Event "Hamburger Einzelturniere 2005"]
[Site "Hamburg"]
[Date "2005.09.03"]
[Round "6.9"]
[White "Bigalke, Andre"]
[Black "Mueller, Joerg"]
[Result "1-0"]
[WhiteElo "2026"]
[BlackElo "2056"]
[PlyCount "103"]
[EventDate "2005.??.??"]

1. Nf3 g6 2. d4 Nf6 3. c4 Bg7 4. Nc3 O-O 5. b4 a5 6. b5 c5 7. dxc5 Ne4 8. Nxe4
Bxa1 9. Bh6 Bg7 10. Bxg7 Kxg7 11. Qd4+ f6 12. h4 h5 13. e3 a4 14. Bd3 b6 15.
Nd6 exd6 16. Qe4 f5 17. Qxa8 Qc7 18. cxb6 Qxb6 19. Qxa4 Bb7 20. O-O Bxf3 21.
gxf3 f4 22. c5 dxc5 23. Qe4 Qf6 24. Kg2 d5 25. Qxd5 Qxh4 26. Qe5+ Kh6 27. exf4
Qxf4 28. Qxf4+ Rxf4 29. Be4 g5 30. Rd1 Rf7 31. Rd6+ Kg7 32. Rg6+ Kf8 33. Rxg5
Ra7 34. Rxh5 Nd7 35. Rh8+ Ke7 36. Rg8 Rc7 37. a4 c4 38. a5 c3 39. Bc2 Rb7 40.
b6 Kd6 41. Rc8 Nc5 42. f4 Kd5 43. Kf3 Kd4 44. f5 Rh7 45. Rc7 Rh3+ 46. Ke2 Rh8
47. f6 Na6 48. Rd7+ Kc5 49. f7 Nb4 50. Rc7+ Kd4 51. Bb3 Rf8 52. Rc4+ 1-0

[Event "Hamburger Einzelturniere 2005"]
[Site "Hamburg"]
[Date "2005.09.03"]
[Round "6.10"]
[White "Kyeck, Christopher"]
[Black "Lochmann, Viktor"]
[Result "0-1"]
[WhiteElo "2017"]
[BlackElo "1773"]
[PlyCount "100"]
[EventDate "2005.??.??"]

1. e4 d6 2. d4 Nf6 3. Nc3 g6 4. Be3 Bg7 5. f3 O-O 6. Qd2 b6 7. O-O-O Nbd7 8. g4
e5 9. d5 a6 10. h4 h5 11. Bg5 Qe8 12. Bh3 b5 13. Nge2 hxg4 14. Bxg4 Nxg4 15.
fxg4 b4 16. Na4 Nf6 17. Bxf6 Bxf6 18. g5 Be7 19. Qxb4 Bg4 20. Nac3 a5 21. Qc4
Qc8 22. Rdg1 Rb8 23. a3 Kg7 24. Nd1 Rh8 25. Ne3 Bd7 26. Qc3 a4 27. Nf4 Rb5 28.
Nd3 f6 29. gxf6+ Bxf6 30. Qe1 Rh5 31. Qg3 Qe8 32. Rh2 Rb8 33. Ng4 Bxg4 34. Qxg4
Rh6 35. Nb4 Qf7 36. Rf1 Bg5+ 37. Qxg5 Qxf1+ 38. Kd2 Qf4+ 39. Qxf4 exf4 40. Nd3
Rf8 41. Ke2 f3+ 42. Ke3 g5 43. h5 g4 44. Kf2 Re8 45. Kg3 Rxe4 46. Nf4 Rf6 47.
Ne6+ Kh6 48. Rf2 Re2 49. Nd4 Rxf2 50. Kxf2 g3+ 0-1

[Event "Hamburger Einzelturniere 2005"]
[Site "Hamburg"]
[Date "2005.09.03"]
[Round "6.11"]
[White "Graffenberger, Wilhelm"]
[Black "Cassens, Erhard Otto"]
[Result "1-0"]
[WhiteElo "1754"]
[BlackElo "1777"]
[PlyCount "91"]
[EventDate "2005.??.??"]

1. e4 d6 2. d4 g6 3. Nc3 Bg7 4. Bc4 c6 5. Nf3 b5 6. Bb3 a5 7. a3 Na6 8. Ng5 e6
9. O-O h6 10. Nf3 Ne7 11. d5 Bxc3 12. bxc3 cxd5 13. exd5 e5 14. c4 a4 15. Ba2
bxc4 16. Bxc4 Qc7 17. Ba2 Bg4 18. c4 Nc5 19. h3 Bf5 20. Be3 g5 21. Bb1 Nb3 22.
Ra2 Qxc4 23. Bxf5 Nxf5 24. Rc2 Nxe3 25. fxe3 Qe4 26. Re1 O-O 27. Nh2 Nc5 28.
Ng4 Qg6 29. Rf1 Ne4 30. Rc6 f6 31. Nf2 Ng3 32. Re1 f5 33. Nd3 Qf6 34. Nc5 Rfc8
35. Rxc8+ Rxc8 36. Ne6 Rc4 37. Qd3 Re4 38. Qb5 Qe7 39. Rc1 Rxe3 40. Rc8+ Kf7
41. Rc7 e4 42. Rxe7+ Kxe7 43. Qb7+ Ke8 44. Qb8+ Kf7 45. Qa7+ Kg6 46. Qxe3 1-0

[Event "Hamburger Einzelturniere 2005"]
[Site "Hamburg"]
[Date "2005.09.03"]
[Round "6.13"]
[White "Olschok, Juergen"]
[Black "Biermann, Helge"]
[Result "1-0"]
[WhiteElo "1660"]
[BlackElo "1762"]
[PlyCount "69"]
[EventDate "2005.??.??"]

1. e4 e6 2. d4 d5 3. e5 c5 4. c3 Nc6 5. Nf3 cxd4 6. cxd4 Bb4+ 7. Nc3 Nge7 8.
Bd3 Bd7 9. O-O Bxc3 10. bxc3 Na5 11. Ng5 h6 12. Nh7 Rc8 13. Qe2 Rxc3 14. Bd2
Rc8 15. Rab1 Rb8 16. f4 Nac6 17. g4 Nxd4 18. Qe3 Ndc6 19. f5 d4 20. Qg3 Qc7 21.
f6 gxf6 22. Rxf6 Nd5 23. Rxf7 Nxe5 24. Bf4 Nxf4 25. Qxf4 Qd6 26. Rf1 Kd8 27.
Qf6+ Kc7 28. Rc1+ Kb6 29. Rb1+ Ka5 30. Rxd7 Nxd7 31. Rb5+ Ka4 32. Qf1 Nc5 33.
Qd1+ Ka3 34. Qc1+ Ka4 35. Qc4+ 1-0

[Event "Hamburger Einzelturniere 2005"]
[Site "Hamburg"]
[Date "2005.09.03"]
[Round "6.14"]
[White "Winnicki, Alice"]
[Black "Holzweißig, Hans-Joachim"]
[Result "1-0"]
[WhiteElo "2092"]
[BlackElo "1732"]
[PlyCount "87"]
[EventDate "2005.??.??"]

1. b3 e5 2. Bb2 d6 3. e3 Nf6 4. d3 Be7 5. Nf3 Bg4 6. Be2 Nc6 7. c4 O-O 8. Nbd2
Nd7 9. d4 exd4 10. exd4 Bf6 11. Ne4 Be7 12. h3 Bf5 13. Ng3 Bg6 14. h4 h6 15. h5
Bh7 16. O-O Bf6 17. Qd2 Re8 18. Rfe1 Nf8 19. a3 Qd7 20. Rad1 Ne7 21. Nh2 Kh8
22. Ng4 Ng8 23. Nxf6 Nxf6 24. d5 Ng8 25. Qd4 f6 26. Rc1 b6 27. Bg4 Qf7 28. Re2
Rxe2 29. Nxe2 Re8 30. Qd2 Qe7 31. Nd4 Qe4 32. Bf3 Qh4 33. Re1 Rxe1+ 34. Qxe1
Nd7 35. Nc6 Ne5 36. Bxe5 fxe5 37. Nxa7 Nf6 38. Nb5 Bf5 39. Nxc7 e4 40. Bd1 Bg4
41. Bc2 Bxh5 42. Qe3 Ng4 43. Qf4 Qe7 44. Qxe4 1-0

[Event "Hamburger Einzelturniere 2005"]
[Site "Hamburg"]
[Date "2005.09.03"]
[Round "6.15"]
[White "Ristic, Sreten"]
[Black "Bock, Oliver"]
[Result "0-1"]
[WhiteElo "1942"]
[BlackElo "1692"]
[PlyCount "66"]
[EventDate "2005.??.??"]

1. e4 c5 2. Nf3 d6 3. d4 cxd4 4. Nxd4 Nf6 5. Nc3 g6 6. Bc4 Bg7 7. f3 O-O 8. Be3
Nc6 9. Qd2 Bd7 10. a3 Qa5 11. Bb3 a6 12. O-O-O b5 13. g4 Rab8 14. Rhg1 Ne5 15.
Rg3 Rfc8 16. Nf5 Bxf5 17. gxf5 Nc4 18. Bxc4 Rxc4 19. Nd5 Qxd2+ 20. Rxd2 Nxd5
21. Rxd5 b4 22. axb4 Rbxb4 23. c3 Rb5 24. fxg6 hxg6 25. Rd2 Bxc3 26. bxc3 Rxc3+
27. Rc2 Rxe3 28. Kd2 Rbb3 29. Rc7 e6 30. f4 Rbd3+ 31. Kc2 Rxg3 32. hxg3 Rxg3
33. Rc6 Rf3 0-1

[Event "Hamburger Einzelturniere 2005"]
[Site "Hamburg"]
[Date "2005.09.03"]
[Round "6.16"]
[White "Diehl, Walter"]
[Black "Diz Suarez, Carlos"]
[Result "1-0"]
[WhiteElo "1752"]
[BlackElo "1659"]
[PlyCount "81"]
[EventDate "2005.??.??"]

1. e4 d5 2. exd5 Qxd5 3. Nc3 Qa5 4. Bc4 Nf6 5. d3 Bg4 6. f3 Bf5 7. Nge2 e6 8.
Be3 Be7 9. a3 c6 10. g4 Bg6 11. h4 h6 12. Nf4 Bh7 13. Qd2 Nbd7 14. b4 Bxb4 15.
Nfe2 Ne5 16. Kf2 Bxc3 17. Qxc3 Qxc3 18. Nxc3 Nxc4 19. dxc4 Bxc2 20. g5 Nd7 21.
Rac1 Bf5 22. Bd4 Rg8 23. Na4 b6 24. Nb2 O-O-O 25. a4 Nc5 26. Be3 Nd3+ 27. Nxd3
Rxd3 28. gxh6 gxh6 29. Bxh6 Ra3 30. Ra1 Rxa1 31. Rxa1 Rd8 32. Be3 Rd3 33. a5
Rc3 34. axb6 axb6 35. Rc1 Rxc1 36. Bxc1 Kd7 37. Ke3 b5 38. Kd4 bxc4 39. Kxc4
Bh3 40. h5 Bg2 41. h6 1-0

[Event "Hamburger Einzelturniere 2005"]
[Site "Hamburg"]
[Date "2005.09.03"]
[Round "6.18"]
[White "Kock, Rudolph"]
[Black "Ludwig, Jan"]
[Result "1-0"]
[WhiteElo "1545"]
[BlackElo "1566"]
[PlyCount "40"]
[EventDate "2005.??.??"]

1. f4 d5 2. b3 Nf6 3. Bb2 c5 4. e3 Nc6 5. Nf3 Bg4 6. Bb5 e6 7. O-O Bd6 8. Qe1
O-O 9. Ne5 Bf5 10. Bxc6 bxc6 11. d3 Rc8 12. Nd2 Nd7 13. Nxd7 Qxd7 14. Qg3 f6
15. Nf3 Bg6 16. Nh4 Bh5 17. Qh3 f5 18. Nf3 Bg4 19. Qg3 Bxf3 20. Rxf3 Be7 1-0

[Event "Hamburger Einzelturniere 2005"]
[Site "Hamburg"]
[Date "2005.09.03"]
[Round "6.20"]
[White "Müller, Hartmut Dieter"]
[Black "Tost, Günther"]
[Result "1-0"]
[WhiteElo "1481"]
[BlackElo "1483"]
[PlyCount "55"]
[EventDate "2005.??.??"]

1. d4 Nf6 2. Nf3 d5 3. c4 e6 4. cxd5 exd5 5. Qa4+ c6 6. Qb3 Bd6 7. Bg5 Nbd7 8.
Qe3+ Be7 9. Ne5 O-O 10. Bf4 Re8 11. Nd2 Qa5 12. Qd3 b5 13. Nxc6 Qb6 14. Nxe7+
Rxe7 15. e3 Ba6 16. b4 Nh5 17. Bg5 Nhf6 18. Be2 h6 19. Bf4 Rae8 20. O-O Ne4 21.
h3 Bc8 22. Bg4 Ndf6 23. Bxc8 Rxc8 24. Be5 Nxd2 25. Qxd2 Ne4 26. Qe2 a6 27. Qg4
Rc2 28. Qxg7# 1-0

[Event "Hamburger Einzelturniere 2005"]
[Site "Hamburg"]
[Date "2005.09.03"]
[Round "6.21"]
[White "Kolster, Jascha"]
[Black "Jachinski, Ronald"]
[Result "0-1"]
[WhiteElo "1146"]
[BlackElo "1456"]
[PlyCount "102"]
[EventDate "2005.??.??"]

1. e4 c5 2. c3 e5 3. f4 d6 4. Bc4 Nf6 5. d3 Bd7 6. Nf3 Bg4 7. h3 Bxf3 8. gxf3
Nc6 9. fxe5 dxe5 10. Bg5 Be7 11. Bxf6 Bxf6 12. Nd2 Bh4+ 13. Kf1 O-O 14. Rg1 Ne7
15. f4 exf4 16. Qg4 Ng6 17. Qh5 Bg3 18. Nf3 Bh4 19. Rg4 Bf6 20. Ke2 Qe7 21. Kf2
Ne5 22. d4 Nxg4+ 23. hxg4 g6 24. Qh3 cxd4 25. Rh1 Bh4+ 26. Qxh4 Qxh4+ 27. Rxh4
dxc3 28. Ng5 cxb2 29. Rh1 Rac8 30. Bd3 Rc1 31. Rh4 b1=Q 32. Bxb1 Rxb1 33. Nxh7
Rb2+ 34. Kf3 Rxa2 35. Nf6+ Kg7 36. g5 Rh8 37. Rxf4 Ra3+ 38. Kg4 Rhh3 39. Rf2
Rh8 40. Nd7 Ra5 41. e5 Rd5 42. Nf6 Rxe5 43. Ra2 a5 44. Rb2 b5 45. Nd7 Rd5 46.
Nb6 Rd4+ 47. Kg3 Rb4 48. Rc2 a4 49. Nd5 Rb3+ 50. Kg4 Rd8 51. Nc7 Rd4# 0-1

[Event "Hamburger Einzelturniere 2005"]
[Site "Hamburg"]
[Date "2005.09.04"]
[Round "7.1"]
[White "Reddmann, Hauke"]
[Black "Meier, David-Geffrey"]
[Result "1-0"]
[WhiteElo "2336"]
[BlackElo "2202"]
[PlyCount "83"]
[EventDate "2005.??.??"]

1. d4 d5 2. Bf4 Nf6 3. e3 Bg4 4. f3 Bf5 5. g4 Bg6 6. h4 h5 7. g5 Nfd7 8. c4 e6
9. Qb3 Nc6 10. cxd5 exd5 11. Qxb7 Nb4 12. Na3 c6 13. Rh2 Be7 14. Bh3 Nd3+ 15.
Kf1 Rc8 16. Bg3 Rf8 17. Rc2 Nb4 18. Rc3 f5 19. Nb5 f4 20. Bxf4 Rxf4 21. exf4
Bd3+ 22. Rxd3 Nxd3 23. Bf5 Nxf4 24. Rc1 g6 25. Bb1 Rb8 26. Qxc6 Rb6 27. Nc7+
Kf7 28. Qc2 Bd6 29. Nxd5 Nxd5 30. Qxg6+ Kf8 31. Qh6+ Ke7 32. Qh7+ Kf8 33. Qh8+
Ke7 34. Re1+ Be5 35. Qxd8+ Kxd8 36. dxe5 Rxb2 37. e6 Nc5 38. Rd1 Ke7 39. Rxd5
Rxb1+ 40. Kf2 Nxe6 41. Ra5 Rb2+ 42. Kg3 1-0

[Event "Hamburger Einzelturniere 2005"]
[Site "Hamburg"]
[Date "2005.09.04"]
[Round "7.2"]
[White "Sternberg, Lew"]
[Black "Weithart, Michael"]
[Result "1/2-1/2"]
[WhiteElo "1909"]
[BlackElo "1912"]
[PlyCount "51"]
[EventDate "2005.??.??"]

1. e4 c5 2. Bc4 e6 3. Nc3 Nc6 4. f4 a6 5. a4 Nf6 6. e5 d5 7. Be2 d4 8. exf6
dxc3 9. fxg7 cxd2+ 10. Bxd2 Bxg7 11. c3 e5 12. fxe5 Nxe5 13. Be3 Qxd1+ 14. Rxd1
Bd7 15. Nf3 Bxa4 16. Rd5 Nxf3+ 17. Bxf3 Bc6 18. Rg5 Bxf3 19. Rxg7 Bd5 20. Bxc5
O-O-O 21. O-O Rhg8 22. Rxg8 Rxg8 23. h3 Rg5 24. Bd4 Be6 25. Rf4 Rf5 26. Rxf5
1/2-1/2

[Event "Hamburger Einzelturniere 2005"]
[Site "Hamburg"]
[Date "2005.09.04"]
[Round "7.3"]
[White "Möhrmann, Marcus"]
[Black "Schäfer, Jakob"]
[Result "1-0"]
[WhiteElo "2126"]
[BlackElo "2033"]
[PlyCount "59"]
[EventDate "2005.??.??"]

1. e4 c5 2. Nf3 d6 3. d4 cxd4 4. Nxd4 Nf6 5. Nc3 a6 6. Be2 e5 7. Nb3 Be7 8. a4
Be6 9. O-O O-O 10. f4 exf4 11. Bxf4 Nbd7 12. Nd4 Rc8 13. Kh1 Qb6 14. Rb1 Rfe8
15. Be3 Bf8 16. Bh5 Ne5 17. Nxe6 Qxe3 18. Nxf8 Rxf8 19. Qxd6 Nc4 20. Qd1 Nxe4
21. Nxe4 Qxe4 22. Bxf7+ Rxf7 23. Rxf7 Ne3 24. Qf3 Qxc2 25. Rg1 Qxb2 26. Rxb7
Qd4 27. Qf7+ Kh8 28. Rd7 Qe5 29. Re7 Qd5 30. Qxg7# 1-0

[Event "Hamburger Einzelturniere 2005"]
[Site "Hamburg"]
[Date "2005.09.04"]
[Round "7.4"]
[White "Bigalke, Andre"]
[Black "Weiss, Siegfried"]
[Result "0-1"]
[WhiteElo "2026"]
[BlackElo "2118"]
[PlyCount "48"]
[EventDate "2005.??.??"]

1. b4 e6 2. Bb2 Nf6 3. a3 a5 4. b5 b6 5. e3 Bb7 6. Nf3 Be7 7. c4 d6 8. d4 Nbd7
9. Be2 Ne4 10. O-O f5 11. Ne1 O-O 12. f3 Nef6 13. Nd3 Qe8 14. Nd2 g5 15. Qb3
Rd8 16. Rad1 Qg6 17. a4 Rf7 18. Qc3 Bf8 19. Nb3 Bg7 20. Qc1 Re8 21. c5 Bd5 22.
Nd2 bxc5 23. dxc5 Bf8 24. c6 Nb6 {Und nach weiteren Zügen} 0-1